00558nam a22001697a 450000500170000001000130001702000140003003500110004403700130005508200080006810000350007624500770011124600550018826000520024327000700029530000230036520210310162158.0 aUR-11065 c280.00a- aU-9620 bDBAD/PUB a844 aعبد المتين جا می  aآ ہينہ تنقيد (مضا مين)cعبد المتين جا می  bAaina-e-Tanqeed Essay) (Urdu)aby Abdul Matin Jami aN.Delhic2020 ءbEducational Publishing House  a3191,Vakil Street,Kucha Pandit Lal Kuan,bDelhie110006l45678203 a200 ص c22 Cm(Hb)